Multiple Final Four since 1970 (map click) Quiz Stats

 Plays Quiz not verified by Sporcle

Challenge
Share
Tweet
Score 0/17 Timer 05:00
0 Plays Today
% Correct
California-
UCLA,
Stanford
90.6%
North Carolina-
Duke, UNC,
NC State,
Charlotte
85.2%
Texas-
Longhorns,
Houston
82.8%
Florida-Gators,
Florida St,
Jacksonville
80.5%
Michigan-
Wolverines,
MSU
77.4%
Pennsylvania-
Villanova, Penn
76.4%
Indiana-
Hoosiers,
Butler,
IN St,
ND,
Purdue
74.1%
Kentucky-
Wildcats,
Louisville
71.4%
Ohio-
Buckeyes,
Cincinnati
71%
% Correct
New York-
Syracuse,
St Johns,
St Bonaventure
70.7%
Virginia-UVA
George Mason,
VCU
58.9%
Wisconsin-
U of Wisconsin,
Marquette
58.6%
Kansas-
Jayhawks,
Wichita St
55.6%
Illinois-
Illinois,
DePaul
54.5%
Oklahoma-
Sooners,
Oklahoma St
53.2%
Georgia-
Bulldogs,
Georgia Tech
43.8%
New Jersey-
Rutgers,
Seton Hall
18.5%

You're not logged in!

Compare scores with friends on all Sporcle quizzes.
OR
Log In

You Might Also Like...

Show Comments

Extras

Top Quizzes Today


Score Distribution

Your Account Isn't Verified!

In order to create a playlist on Sporcle, you need to verify the email address you used during registration. Go to your Sporcle Settings to finish the process.

Report this User

Report this user for behavior that violates our Community Guidelines.

Details: